Value management in construction (Record no. 112767)
[ view plain ]
| 000 -LEADER | |
|---|---|
| fixed length control field | 01676cai a22002175a 4500 |
| 001 - CONTROL NUMBER | |
| control field | L153926 |
| 008 - FIXED-LENGTH DATA ELEMENTS--GENERAL INFORMATION | |
| fixed length control field | 110921u2007 xxk g 000 0 eng d |
| 035 ## - SYSTEM CONTROL NUMBER | |
| System control number | (Sirsi) u153926 |
| 041 0# - LANGUAGE CODE | |
| Language code of text/sound track or separate title | eng |
| 110 2# - MAIN ENTRY--CORPORATE NAME | |
| Corporate name or jurisdiction name as entry element | United Kingdom |
| Subordinate unit | Office of Government Commerce |
| 9 (RLIN) | 5119 |
| 245 00 - TITLE STATEMENT | |
| Title | Value management in construction |
| Remainder of title | case studies |
| Medium | [electronic resource] |
| 260 ## - PUBLICATION, DISTRIBUTION, ETC. | |
| Place of publication, distribution, etc. | London |
| Name of publisher, distributor, etc. | OGC |
| Date of publication, distribution, etc. | 2007 |
| 520 ## - SUMMARY, ETC. | |
| Summary, etc. | Value Management (VM) is a well-established methodology for defining and maximising value for money. It can be applied to any type of project regardless of size or timeframe and at all stages throughout the life cycle of the project from inception to completion. The Office of Government Commerce (OGC) has joined with APM Group Ltd and the Institute of Value Management to produce a series of case studies which demonstrate how applying VM to public sector construction projects can result in first-class, wholelife value-for-money programmes and projects that ultimately lead to better public services. OGC's Achieving Excellence in Construction initiative (see Annex B) advocates the application of VM to construction projects. Case studies include Hextable Dance, Open University, Kintry Housing Partnership, Home Happening, NHS Teaching Hospital, Withington Community Hospital, and Antlers' Bridge in California, USA. |
| 651 #4 - SUBJECT ADDED ENTRY--GEOGRAPHIC NAME | |
| Geographic name | United Kingdom |
| Chronological subdivision | |
| 651 #4 - SUBJECT ADDED ENTRY--GEOGRAPHIC NAME | |
| Geographic name | United States |
| Chronological subdivision | 1959- |
| 690 ## - LOCAL SUBJECT ADDED ENTRY--TOPICAL TERM (OCLC, RLIN) | |
| Topical term or geographic name as entry element | BUILT ENVIRONMENT-CONSTRUCTION MANAGEMENT |
| 690 ## - LOCAL SUBJECT ADDED ENTRY--TOPICAL TERM (OCLC, RLIN) | |
| Topical term or geographic name as entry element | BUILT ENVIRONMENT-BUILDING COSTS |
| 690 ## - LOCAL SUBJECT ADDED ENTRY--TOPICAL TERM (OCLC, RLIN) | |
| Topical term or geographic name as entry element | Project management |
| 9 (RLIN) | 6261 |
| 856 40 - ELECTRONIC LOCATION AND ACCESS | |
| Uniform Resource Identifier | <a href="https://83.231.159.113/documents/CP0152ValueManagementInConstruction.pdf">https://83.231.159.113/documents/CP0152ValueManagementInConstruction.pdf</a> |
| Public note | View the website free of charge online. |
| 942 ## - ADDED ENTRY ELEMENTS (KOHA) | |
| Suppress in OPAC | 0 |
| Withdrawn status | Lost status | Source of classification or shelving scheme | Damaged status | Not for loan | Home library | Current library | Shelving location | Date acquired | Total Checkouts | Full call number | Barcode | Date last seen | Copy number | Price effective from | Koha item type |
|---|---|---|---|---|---|---|---|---|---|---|---|---|---|---|---|
| Dewey Decimal Classification | Virtual | Virtual | Online | 21/09/2011 | ONLINE PUBLICATION | 153926-2001 | 06/08/2019 | 1 | 06/08/2019 | Book |